000 01319nam a22003617a 4500
003 CHAP
005 20220329133101.0
008 971013s1990 r 00010 d
010 _a1952
011 _a2924
035 _a2124
040 _cCHAP
090 _aTesis
100 0 0 _aCruz García, Salvador de la.
_929400
245 _aEmigración y agricultura en los Altos de Jalisco
_b: el impacto socioeconómico de la migración a Estados Unidos en el Josefino de Allende, Jesús María, Jalisco
260 _aChapingo, Méx. :
_bEl Autor,
_c1990
300 _a116 h.
_b: ilus.
500 _aD43-233
502 _aTesis (Ing. Agr. Esp. en Economía Agrícola) -- UACH. Departamento de Economía Agrícola
590 _aALEPH
_b10
_c20130110
_lUCH01
_h1210
590 _aBATCH-UPD
_b10
_c20130110
_lUCH01
_h0030
590 _aBATCH-UPD
_b10
_c20130110
_lUCH01
_h1942
590 _aBATCH-UPD
_b10
_c20130409
_lUCH01
_h2012
590 _aBATCH-UPD
_b10
_c20130410
_lUCH01
_h1305
590 _aBATCH-UPD
_b10
_c20130914
_lUCH01
_h1106
590 _aCONVERSION
_b10
_c20130109
_lUCH01
_h1302
650 1 4 _aAgricultura
_xJalisco.
_91714
650 1 4 _aEmigración e inmigración.
_936517
650 1 4 _aJalisco
_xCondiciones económicas.
_960958
901 _aBK
942 _cTESIS
949 _bBC
_cTES
_d-11622
_eTS1
_h24037
_i2124
_si
999 _c1952
_d1952